000 00468nam a22001457a 4500
008 140225b xxu||||| |||| 00| 0 eng d
020 _a978-1-84730-3257``
050 _aBT903.G76 2012
100 _aGrogan, Brian S.J.
_98914
245 _aWhere to from here?
_bthe christian vision of life after death
_cBrian Grogan SJ
260 _aDublin
_bVeritas
_c2012
300 _a198p. ;
_c22cm.
650 _aFuture life
_xChristianity
_xHealer
_98915
942 _2lcc
_cMONOGRAPH
999 _c120156
_d120156